Najszybsze motocykle na świecie - Statystyki

Ogólne statystyki
  • Ten quiz został rozwiązany 19 razy
  • Średni wynik to 2 z 9
Statystyki odpowiedzi
V max Odpowiedź % Poprawnych
337 km/h Kawasaki Ninja H2
100%
400 km/h Kawasaki Ninja H2R
78%
340 km/h Ducati Panigale V4-R
22%
312 km/h Suzuki GSX-R Hayabusa
11%
315 km/h Aprilia RSV4 1100 Factory
6%
315 km/h Kawasaki ZX12R Ninja
6%
351 km/h Lightning LS-218
6%
367 km/h Madmax Streetfighter
6%
397 km/h MTT Superbike
6%
Nie znaleziono quizów pasujących do podanych kryteriów
Rozkład punktacji
Procent ludzi z każdym wynikiem
Percentyl według liczby udzielonych odpowiedzi
Twoja historia wyników
Nie rozwiązałeś tego quizu